El agua: (Registro nro. 9083)
[ vista simple ]
| 000 -CABECERA | |
|---|---|
| Campo de control | 01066nam a22002777a 4500 |
| 005 - FECHA Y HORA DE LA ULTIMA TRANSACCION | |
| Campo de control | 20191224042000.0 |
| 008 - ELEMENTOS DE LONGITUD FIJA—INFORMACION GENERAL | |
| Campo de control | 150305b2006 ec |||||r|||| 00| 0 spa d |
| 040 ## - FUENTE DE CATALOGACIÓN | |
| Agencia catalogadora original | Co-BoIAVH |
| Agencia transcriptora | Co-BoIAVH |
| 041 ## - IDIOMA | |
| Código de idioma para texto/pista de sonido o título separado | Español |
| 044 ## - PAÍS DE PUBLICACIÓN | |
| País de publicación | Ecuador |
| 082 03 - NUMERO DE CLASIFICACION DECIMAL DEWEY | |
| Número de clasificación | 333.9115 |
| Número del ítem | G21a |
| 110 2# - ASIENTO PRINCIPAL--NOMBRE CORPORATIVO | |
| Nombre corporativo o de jurisdicción como elemento de entrada | Consorcio Camaren. |
| Unidad subordinad | Foro de los Recursos Hídricos. |
| 9 (RLIN) | 33294 |
| 245 13 - MENCION DE TITULO | |
| Título | El agua: |
| Parte restante del título | patrimonio y derecho |
| 260 ## - PUBLICACION, DISTRIBUCION, ETC. (PIE DE IMPRENTA) | |
| Lugar de publicación, distribución, etc. | Quito: |
| Nombre del editor, distribuidor, etc. | Foro de los Recurso Hídricos, |
| -- | Unión Europea, |
| Fecha de publicación, distribución, etc. | 2006. |
| 300 ## - DESCRIPCION FISICA | |
| Extensión | 75 p. |
| Otros detalles físicos | ilustraciones |
| Dimensiones | 21 cm. |
| 490 ## - MENCION DE SERIE | |
| Mención de serie | Cuadernos populares del agua |
| 504 ## - NOTA DE BIBLIOGRAFIA, ETC. | |
| Nota de bibliografía | Incluye fuentes consultadas (pág. 74-75) |
| 505 ## - NOTA DE CONTENIDO | |
| Nota de contenido | El agua y sus recursos naturales.<br/>El agua en el mundo.<br/>El negocio del agua.<br/>El valor del agua.<br/>El agua y sus usos en el Ecuador. |
| 650 #4 - ASIENTO SECUNDARIO DE MATERIA - TERMINO TEMATICO | |
| Término temático o nombre geográfico como elemento de entrada | Agua |
| Subdivisión general | recursos económicos |
| Subdivisión geográfica | Ecuador |
| 9 (RLIN) | 33295 |
| 650 #4 - ASIENTO SECUNDARIO DE MATERIA - TERMINO TEMATICO | |
| Término temático o nombre geográfico como elemento de entrada | Derecho al agua |
| 9 (RLIN) | 33296 |
| 650 #4 - ASIENTO SECUNDARIO DE MATERIA - TERMINO TEMATICO | |
| Término temático o nombre geográfico como elemento de entrada | Recursos hidrobiológicos |
| 9 (RLIN) | 2554 |
| 650 #4 - ASIENTO SECUNDARIO DE MATERIA - TERMINO TEMATICO | |
| Término temático o nombre geográfico como elemento de entrada | Recursos hídricos |
| 9 (RLIN) | 92528 |
| 650 #4 - ASIENTO SECUNDARIO DE MATERIA - TERMINO TEMATICO | |
| Término temático o nombre geográfico como elemento de entrada | Recursos naturales no renovables |
| Subdivisión general | agua |
| 9 (RLIN) | 33298 |
| 700 1# - ASIENTO SECUNDARIO - NOMBRE PERSONAL | |
| Nombre personal | García, Dennis |
| Término de relación | fotografía |
| 9 (RLIN) | 33299 |
| 942 ## - ELEMENTOS ADICIONALES (KOHA) | |
| Sistema de clasificación | Dewey Decimal Classification |
| Tipo de ítem | Libro |
| Withdrawn status | Lost status | Sistema de Clasificación | Damaged status | No para préstamo | Colección | Inventariado | Ubicación Permanente | Ubicación actual | Fecha de adquisición | Fuente de Valor | Valor | Total Checkouts | Número topográfico | Inventario / Código de Barras | Date last seen | Ejemplar | Price effective from | Forma de adquisición | Tipo de material |
|---|---|---|---|---|---|---|---|---|---|---|---|---|---|---|---|---|---|---|---|
| Dewey Decimal Classification | General | Inventariado 2017 | Bogotá | Bogotá | 05/03/2015 | Instituto | 15000.00 | LB-333.9115 G21a | 038843 | 05/03/2015 | Ej. 1 | 05/03/2015 | Libro |